00382 a2200109 4500001001000000005001700010008004100027245010500068100002000173773006200193999001700255ART_4689720260410162031.0260409a 10aPasteleros. Rama pastelería. CCT 272/1996. CABA y Provincia de Buenos Aires. Acuerdo salarial 20181 aGodoy, Laura M.0 tLiquidación de sueldosg- N° 146 (jul. 2018)wREV44399 c34037d34037